[Event "German Masters (Women)"]
[Site "Rosenheim"]
[Date "2023.12.14"]
[Round "4"]
[White "Heinemann, Josefine"]
[Black "Schleining, Zoya"]
[Result "0-1"]
[WhiteElo "2360"]
[BlackElo "2338"]
[PlyCount "62"]
[EventDate "2023.12.11"]
[EventType "tourn"]
[EventRounds "9"]
[EventCountry "GER"]
[EventCategory "2"]
[SourceTitle "CB51_2023"]
[SourceDate "2023.12.20"]
[SourceVersion "1"]
[SourceVersionDate "2023.12.20"]
[SourceQuality "1"]

1. e4 c5 2. c3 Nf6 3. e5 Nd5 4. Nf3 d6 5. Bb5+ Nc6 6. 0-0 Bd7 7. exd6 e6 8. d4 Bxd6 9. Bg5 f6 10. Bh4 0-0 11. Bc4 Nce7 12. Nbd2 cxd4 13. Nxd4 Kh8 14. N2f3 Qb6 15. Qb3 Qxb3 16. axb3 e5 17. Nb5 Bb8 18. Rfd1 Bc6 19. Ne1 a6 20. Na3 Ba7 21. Kf1 Rfd8 22. Bxd5 Nxd5 23. c4 Nf4 24. f3 Bd4 25. Rab1 e4 26. Bg3 Be5 27. Nac2 exf3 28. gxf3 g5 29. Nb4 Bd7 30. Nbd3 Bh3+ 31. Kf2 Bd4# 0-1

[Event "BL 2223 (Women)"]
[Site "Germany"]
[Date "2023.04.30"]
[Round "10.6"]
[White "Schleining, Zoya"]
[Black "Khrapko, Marharyta"]
[Result "1-0"]
[WhiteElo "2343"]
[BlackElo "2128"]
[PlyCount "81"]
[EventDate "2022.10.15"]
[EventType "team-tourn"]
[EventRounds "11"]
[EventCountry "GER"]
[SourceTitle "EXT 2024"]
[Source "ChessBase"]
[SourceDate "2023.10.10"]
[SourceVersion "1"]
[SourceVersionDate "2023.10.10"]
[SourceQuality "1"]
[WhiteTeam "Deizisau (W)"]
[BlackTeam "Bayern Muenchen (W)"]
[WhiteTeamCountry "GER"]
[BlackTeamCountry "GER"]

1. e4 c5 2. Nf3 e6 3. d4 cxd4 4. Nxd4 Nf6 5. Nc3 Nc6 6. g3 d5 7. exd5 Nxd5 8. Bg2 Bb4 9. 0-0 0-0 10. Nxd5 exd5 11. Be3 Re8 12. c3 Bf8 13. Qb3 Nxd4 14. Bxd4 Be6 15. Qxb7 Qa5 16. Qb3 Rab8 17. Qc2 Rec8 18. Qd2 Qb5 19. b4 Qa4 20. Qd1 Qd7 21. a4 a5 22. b5 Bc5 23. Qd2 h6 24. Rfd1 Qa7 25. Qe3 Bxd4 26. Rxd4 Rc5 27. Rad1 Qc7 28. Qf4 Qxf4 29. Rxf4 Kf8 30. Rfd4 Ke7 31. Bxd5 Bxd5 32. Rxd5 Rxc3 33. Re1+ Kf6 34. Rd6+ Kf5 35. Ra6 Rd8 36. Rxa5 Rd2 37. b6+ Kg4 38. Re4+ Kf3 39. Rf4+ Ke2 40. Re5+ Kd1 41. b7 1-0

[Event "BL 2223 (Women)"]
[Site "Germany"]
[Date "2023.02.19"]
[Round "6.2"]
[White "Schleining, Zoya"]
[Black "Kulon, Klaudia"]
[Result "0-1"]
[WhiteElo "2343"]
[BlackElo "2254"]
[PlyCount "64"]
[EventDate "2022.10.15"]
[EventType "team-tourn"]
[EventRounds "11"]
[EventCountry "GER"]
[SourceTitle "CBM 213 Extra"]
[Source "ChessBase"]
[SourceDate "2023.05.31"]
[SourceVersion "1"]
[SourceVersionDate "2023.05.31"]
[SourceQuality "1"]
[WhiteTeam "Deizisau (W)"]
[BlackTeam "Leipzig Weissblau (W)"]
[WhiteTeamCountry "GER"]
[BlackTeamCountry "GER"]

1. d4 Nf6 2. Nf3 g6 3. Nc3 Bg7 4. e4 d6 5. Be2 a6 6. 0-0 b5 7. e5 Nfd7 8. Re1 Nb6 9. a4 b4 10. a5 bxc3 11. axb6 0-0 12. bxc7 Qxc7 13. exd6 cxb2 14. Bxb2 exd6 15. Ra3 Bf5 16. Bd3 Bxd3 17. Qxd3 Nc6 18. Qc4 Rfc8 19. Rae3 Qb7 20. Qa2 a5 21. Ba3 Qd7 22. Qd5 Bf6 23. c3 Ne7 24. Qa2 Nf5 25. Rd3 Qb5 26. Qd2 h5 27. h3 h4 28. Nh2 Bg5 29. Qd1 Rab8 30. Bxd6 Nxd6 31. Re5 Qb1 32. Rxg5 Rxc3 0-1

[Event "Dortmund NRW Cup (Women) 49th"]
[Site "Dortmund"]
[Date "2022.07.24"]
[Round "9"]
[White "Schleining, Zoya"]
[Black "Schulze, Lara"]
[Result "1/2-1/2"]
[WhiteElo "2331"]
[BlackElo "2292"]
[PlyCount "23"]
[EventDate "2022.07.16"]
[EventType "tourn"]
[EventRounds "9"]
[EventCountry "GER"]
[SourceTitle "CBM 209 Extra"]
[Source "ChessBase"]
[SourceDate "2022.09.30"]
[SourceVersion "1"]
[SourceVersionDate "2022.09.30"]
[SourceQuality "1"]

1. Nf3 d5 2. d4 Nf6 3. g3 Bg4 4. Bg2 c6 5. Ne5 Bf5 6. 0-0 e6 7. Nc3 Nbd7 8. Bg5 Be7 9. Nxd7 Qxd7 10. a3 h6 11. Bf4 0-0 12. Qd2 1/2-1/2

[Event "Dortmund NRW Cup (Women) 49th"]
[Site "Dortmund"]
[Date "2022.07.16"]
[Round "1"]
[White "Kucharska, Honorata"]
[Black "Schleining, Zoya"]
[Result "0-1"]
[WhiteElo "2191"]
[BlackElo "2331"]
[PlyCount "86"]
[EventDate "2022.07.16"]
[EventType "tourn"]
[EventRounds "9"]
[EventCountry "GER"]
[SourceTitle "CBM 209 Extra"]
[Source "ChessBase"]
[SourceDate "2022.09.30"]
[SourceVersion "1"]
[SourceVersionDate "2022.09.30"]
[SourceQuality "1"]

1. e4 e5 2. Nf3 Nc6 3. Bb5 a6 4. Ba4 Nf6 5. d3 d6 6. c4 g6 7. h3 Bg7 8. Nc3 0-0 9. Be3 Nd7 10. Bxc6 bxc6 11. d4 f5 12. dxe5 f4 13. Bd2 Nxe5 14. Qe2 Be6 15. Nxe5 Bxe5 16. f3 Qh4+ 17. Kf1 a5 18. Rc1 a4 19. Nd1 Qf6 20. Bc3 Bxc3 21. Rxc3 Qd4 22. Ke1 Rfb8 23. Qd2 c5 24. Qxd4 cxd4 25. Rc1 Rb4 26. Kd2 Rxc4 27. Nf2 c5 28. Nd3 Rxc1 29. Rxc1 Bxa2 30. Ra1 Bc4 31. Nxf4 Kf7 32. h4 Kf6 33. Nh3 Be6 34. Nf4 Rb8 35. Kc2 Bb3+ 36. Kd2 h6 37. Rc1 Bf7 38. Kc2 g5 39. hxg5+ hxg5 40. Nh3 Bb3+ 41. Kd2 Be6 42. Kc2 Bxh3 43. gxh3 Rb3 0-1

[Event "BL 2122 (Women)"]
[Site "Germany"]
[Date "2022.05.25"]
[Round "9.2"]
[White "Paehtz, Elisabeth"]
[Black "Schleining, Zoya"]
[Result "1/2-1/2"]
[WhiteElo "2497"]
[BlackElo "2329"]
[PlyCount "51"]
[EventDate "2021.11.27"]
[EventType "team-tourn"]
[EventRounds "11"]
[EventCountry "GER"]
[SourceTitle "EXT 2023"]
[Source "ChessBase"]
[SourceDate "2022.10.05"]
[SourceVersion "1"]
[SourceVersionDate "2022.10.05"]
[SourceQuality "1"]
[WhiteTeam "Baden-Baden (W)"]
[BlackTeam "Deizisau (W)"]
[WhiteTeamCountry "GER"]
[BlackTeamCountry "GER"]

1. e4 c6 2. Nf3 d5 3. Nc3 dxe4 4. Nxe4 Nf6 5. Qe2 Bf5 6. Nxf6+ gxf6 7. d3 Nd7 8. g3 Ne5 9. Nh4 Bg4 10. f3 Be6 11. Bd2 Qb6 12. Bc3 0-0-0 13. f4 Bd5 14. Bg2 Nd7 15. a4 e6 16. a5 Qb5 17. 0-0 Bxg2 18. Kxg2 a6 19. Nf3 h5 20. Qe4 Be7 21. Qc4 Qxc4 22. dxc4 Rhg8 23. f5 Rg4 24. b3 Rdg8 25. Rfe1 e5 26. Kh3 1/2-1/2

[Event "Oberliga NRW 2122"]
[Site "Germany"]
[Date "2022.05.08"]
[Round "9.3"]
[White "Schleining, Zoya"]
[Black "Roshka, Yevgeniy"]
[Result "0-1"]
[WhiteElo "2323"]
[BlackElo "2466"]
[PlyCount "94"]
[EventDate "2021.10.31"]
[EventType "team-tourn"]
[EventRounds "9"]
[EventCountry "GER"]
[SourceTitle "EXT 2023"]
[Source "ChessBase"]
[SourceDate "2022.10.05"]
[SourceVersion "1"]
[SourceVersionDate "2022.10.05"]
[SourceQuality "1"]
[WhiteTeam "Letmathe"]
[BlackTeam "Siegburg"]
[WhiteTeamCountry "GER"]
[BlackTeamCountry "GER"]

1. e4 e6 2. f4 d5 3. e5 c5 4. Nf3 Nc6 5. c3 Nh6 6. Na3 f6 7. Bb5 Qb6 8. exf6 gxf6 9. d4 Bd7 10. Qe2 c4 11. Bxc6 Qxc6 12. Nc2 0-0-0 13. 0-0 Be8 14. Nh4 Bg6 15. Nxg6 hxg6 16. b3 Kd7 17. bxc4 Qxc4 18. Qxc4 dxc4 19. Ne3 Nf7 20. a4 Rc8 21. Re1 Rh5 22. a5 Rb5 23. Ra4 Rb3 24. Bd2 Nd6 25. d5 exd5 26. Nxd5 f5 27. Be3 Kc6 28. Rd1 Kb5 29. Ra2 Ne4 30. Bxa7 Bg7 31. Bb6 Bxc3 32. Nc7+ Kc6 33. Nd5 Bd4+ 34. Bxd4 Kxd5 35. Be5+ Rd3 36. Raa1 Ra8 37. Rdb1 c3 38. h3 c2 39. Rc1 Rd2 40. Kh2 Kc4 41. Ra2 Kd3 42. Ra3+ Ke2 43. Bb2 Rc8 44. Rb3 Rc7 45. Rb6 Rd6 46. Rb5 Rd1 47. Rb6 Kd2 0-1

[Event "Oberliga NRW 2122"]
[Site "Germany"]
[Date "2022.04.03"]
[Round "5.2"]
[White "Schleining, Zoya"]
[Black "Jonkman, Harmen"]
[Result "1-0"]
[WhiteElo "2323"]
[BlackElo "2386"]
[PlyCount "59"]
[EventDate "2021.10.31"]
[EventType "team-tourn"]
[EventRounds "9"]
[EventCountry "GER"]
[SourceTitle "EXT 2023"]
[Source "ChessBase"]
[SourceDate "2022.10.05"]
[SourceVersion "1"]
[SourceVersionDate "2022.10.05"]
[SourceQuality "1"]
[WhiteTeam "Letmathe"]
[BlackTeam "Erkenschwick"]
[WhiteTeamCountry "GER"]
[BlackTeamCountry "GER"]

1. e4 e5 2. Nf3 Nc6 3. d4 exd4 4. Nxd4 Qf6 5. Nxc6 Bc5 6. Qf3 bxc6 7. Nd2 d6 8. Nb3 Bb6 9. Bd2 Qg6 10. Bd3 Ne7 11. c4 0-0 12. c5 dxc5 13. Rc1 f5 14. e5 Be6 15. 0-0 Qf7 16. Nxc5 Bxc5 17. Rxc5 Bxa2 18. Ba5 Ng6 19. Qxc6 Nf4 20. Ba6 Rab8 21. Qa4 Qg6 22. Qxf4 Qxa6 23. b4 c6 24. Bc7 Rb7 25. Bd6 Re8 26. Rfc1 Bd5 27. Qxf5 Rf7 28. Qc2 Qb7 29. b5 cxb5 30. Rc8 1-0

[Event "Oberliga NRW 2122"]
[Site "Germany"]
[Date "2021.12.12"]
[Round "3.2"]
[White "Schleining, Zoya"]
[Black "Lenaerts, Lennert"]
[Result "1/2-1/2"]
[WhiteElo "2320"]
[BlackElo "2352"]
[PlyCount "28"]
[EventDate "2021.10.31"]
[EventType "team-tourn"]
[EventRounds "9"]
[EventCountry "GER"]
[SourceTitle "EXT 2023"]
[Source "ChessBase"]
[SourceDate "2022.10.05"]
[SourceVersion "1"]
[SourceVersionDate "2022.10.05"]
[SourceQuality "1"]
[WhiteTeam "Letmathe"]
[BlackTeam "Muelheim Nord II"]
[WhiteTeamCountry "GER"]
[BlackTeamCountry "GER"]

1. e4 e5 2. Nf3 Nc6 3. Bc4 Bc5 4. d3 Nf6 5. Nc3 a6 6. Be3 Bxe3 7. fxe3 d6 8. a4 Be6 9. Bxe6 fxe6 10. d4 exd4 11. exd4 d5 12. e5 Ne4 13. Qd3 Nxc3 14. Qxc3 0-0 1/2-1/2

[Event "BL 1920 (Women)"]
[Site "Germany"]
[Date "2019.12.14"]
[Round "3.2"]
[White "Schleining, Zoya"]
[Black "Utiatskaja, Irina"]
[Result "1/2-1/2"]
[WhiteElo "2340"]
[BlackElo "2154"]
[PlyCount "49"]
[EventDate "2019.09.14"]
[EventType "team-tourn"]
[EventRounds "11"]
[EventCountry "GER"]
[SourceTitle "CBM 194 Extra"]
[Source "ChessBase"]
[SourceDate "2020.03.31"]
[SourceVersion "1"]
[SourceVersionDate "2020.03.31"]
[SourceQuality "1"]
[WhiteTeam "Deizisau (W)"]
[BlackTeam "Harksheide (W)"]
[WhiteTeamCountry "GER"]
[BlackTeamCountry "GER"]

1. d4 Nf6 2. c4 g6 3. Nc3 d5 4. Bf4 Bg7 5. e3 c5 6. dxc5 Qa5 7. Rc1 0-0 8. cxd5 Nbd7 9. Nf3 Nxc5 10. Be2 Nce4 11. 0-0 Nxc3 12. Rxc3 Qxa2 13. Bc4 Qxb2 14. Rb3 Qa2 15. d6 exd6 16. Bxd6 Re8 17. Ng5 Be6 18. Nxe6 fxe6 19. Ba3 Rac8 20. Qd3 b5 21. Bxb5 Red8 22. Qb1 Qxb1 23. Rfxb1 Ne4 24. Bb4 Nc3 25. Bxc3 1/2-1/2

[Event "Wch Seniors 50 (Women) 29th"]
[Site "Bucharest"]
[Date "2019.11.23"]
[Round "11"]
[White "Bogumil, Tatiana"]
[Black "Schleining, Zoya"]
[Result "1/2-1/2"]
[WhiteElo "2150"]
[BlackElo "2344"]
[PlyCount "118"]
[EventDate "2019.11.12"]
[EventType "swiss"]
[EventRounds "11"]
[EventCountry "ROU"]
[SourceTitle "CBM 193 Extra"]
[Source "ChessBase"]
[SourceDate "2020.01.31"]
[SourceVersion "1"]
[SourceVersionDate "2020.01.31"]
[SourceQuality "1"]

1. e4 c5 2. Nc3 e6 3. g3 d5 4. exd5 exd5 5. d4 cxd4 6. Qxd4 Nf6 7. Bg2 Nc6 8. Qd1 d4 9. Nce2 Bc5 10. Nf3 0-0 11. 0-0 Bf5 12. Nf4 Bb6 13. Bd2 Re8 14. Nd3 Qd7 15. Re1 Bg4 16. Rxe8+ Rxe8 17. Qf1 Ne4 18. Be1 h6 19. h3 Bf5 20. Kh2 Bc7 21. Nd2 Nf6 22. Nb3 Bb6 23. Bd2 Bxd3 24. cxd3 Ne5 25. Bf4 Ng6 26. Bd2 Ne5 27. Bf4 Ng6 28. Bd2 h5 29. Re1 Rxe1 30. Qxe1 h4 31. Ba5 hxg3+ 32. fxg3 Bxa5 33. Qxa5 b6 34. Qb4 Ne5 35. Qxd4 Nxd3 36. Qc3 a5 37. Nd4 Nc5 38. Nf3 Qe6 39. b3 Nfe4 40. Qd4 Qd6 41. Qxd6 Nxd6 42. Nd4 Kf8 43. g4 g5 44. h4 gxh4 45. Kh3 Ke7 46. Nc6+ Kd7 47. Kxh4 f6 48. Nd4 Ne6 49. Nc2 Nb5 50. Bf1 Nbd4 51. Ne3 Kd6 52. Nc4+ Kc5 53. Kg3 Nc2 54. Kf3 Nb4 55. a3 Nc6 56. Ke4 Ned4 57. b4+ axb4 58. axb4+ Nxb4 59. Nxb6 Kxb6 1/2-1/2

[Event "Arber op 8th"]
[Site "Bodenmais"]
[Date "2019.08.02"]
[Round "7"]
[White "Medunova, Vera"]
[Black "Schleining, Zoya"]
[Result "1/2-1/2"]
[WhiteElo "2093"]
[BlackElo "2339"]
[PlyCount "94"]
[EventDate "2019.07.27"]
[EventType "swiss"]
[EventRounds "9"]
[EventCountry "GER"]
[SourceTitle "CBM 191 Extra"]
[Source "ChessBase"]
[SourceDate "2019.09.30"]
[SourceVersion "1"]
[SourceVersionDate "2019.09.30"]
[SourceQuality "1"]

1. e4 c5 2. Nf3 Nc6 3. d4 cxd4 4. Nxd4 e6 5. a3 Nf6 6. Nc3 Be7 7. Be2 0-0 8. 0-0 d6 9. Be3 Qc7 10. Qd2 Nxd4 11. Qxd4 b6 12. Rad1 Bb7 13. f3 Rad8 14. Kh1 Bc6 15. Bb5 d5 16. Qa4 Bxb5 17. Nxb5 Qc6 18. exd5 Nxd5 19. Bd4 Rd7 20. c4 Nf4 21. Be3 Nd3 22. Qc2 Ne5 23. Rxd7 Qxd7 24. Rd1 Qb7 25. Qe2 Nc6 26. Nd6 Qa6 27. Bf2 Rd8 28. Nb5 Qc8 29. Kg1 h6 30. Kf1 a6 31. Nc3 Rxd1+ 32. Nxd1 Na5 33. Bxb6 Nxc4 34. Bd4 Nd6 35. g3 Nb5 36. Be3 Bf6 37. Qd3 Qc6 38. Kf2 Nd6 39. Kg2 Nc4 40. b4 Ne5 41. Qe2 g5 42. h3 Nc4 43. Qd3 Ne5 44. Qe2 Nc4 45. Qd3 h5 46. Nf2 Qd5 47. Bc1 Be7 1/2-1/2

[Event "Arber op 8th"]
[Site "Bodenmais"]
[Date "2019.07.31"]
[Round "5"]
[White "Mirzoev, Emil"]
[Black "Schleining, Zoya"]
[Result "1-0"]
[WhiteElo "2493"]
[BlackElo "2339"]
[PlyCount "75"]
[EventDate "2019.07.27"]
[EventType "swiss"]
[EventRounds "9"]
[EventCountry "GER"]
[SourceTitle "CBM 191 Extra"]
[Source "ChessBase"]
[SourceDate "2019.09.30"]
[SourceVersion "1"]
[SourceVersionDate "2019.09.30"]
[SourceQuality "1"]

1. d4 Nf6 2. c4 e6 3. Nc3 Bb4 4. e3 0-0 5. Bd3 d5 6. cxd5 exd5 7. Nge2 Re8 8. Bd2 Bd6 9. Nb5 Bf8 10. Qc2 Na6 11. a3 c6 12. Nbc3 c5 13. 0-0 c4 14. Bf5 Bxf5 15. Qxf5 Nc7 16. f3 Qd7 17. Qc2 Qc6 18. b3 Rac8 19. a4 b6 20. bxc4 Qxc4 21. Rfc1 Na6 22. Qd1 Qd3 23. Nf4 Qf5 24. g4 Qg5 25. Qe1 Nb4 26. Nce2 Nxg4 27. Qg3 Nxh2 28. Kxh2 Qxg3+ 29. Kxg3 Nc2 30. Ra2 Na3 31. Rxc8 Rxc8 32. Nxd5 Bd6+ 33. Kf2 f5 34. Bb4 Bxb4 35. Nxb4 Rc4 36. Rxa3 Rxb4 37. a5 b5 38. Rc3 1-0

[Event "Bodensee op"]
[Site "Bregenz"]
[Date "2019.06.02"]
[Round "9"]
[White "Schwabeneder, Florian"]
[Black "Schleining, Zoya"]
[Result "1/2-1/2"]
[WhiteElo "2407"]
[BlackElo "2343"]
[PlyCount "137"]
[EventDate "2019.05.25"]
[EventType "swiss"]
[EventRounds "9"]
[EventCountry "AUT"]
[SourceTitle "CBM 190 Extra"]
[Source "ChessBase"]
[SourceDate "2019.07.15"]
[SourceVersion "1"]
[SourceVersionDate "2019.07.15"]
[SourceQuality "1"]

1. e4 c5 2. Nf3 Nc6 3. Bb5 Nf6 4. e5 Nd5 5. 0-0 g6 6. Nc3 Nc7 7. Bxc6 dxc6 8. Ne4 Ne6 9. d3 Bg7 10. Re1 b6 11. Neg5 h6 12. Nxe6 Bxe6 13. Qe2 Qd7 14. Bd2 0-0 15. Bc3 Rad8 16. Nd2 Kh7 17. a4 Bd5 18. Nf1 Rde8 19. f3 Be6 20. b3 f5 21. f4 g5 22. Qd2 Kg6 23. h3 Rd8 24. Kh1 Rg8 25. Qf2 Kh7 26. a5 b5 27. fxg5 hxg5 28. Qxc5 f4 29. Nh2 Rh8 30. Kg1 Kg8 31. Re2 Rf8 32. Rae1 Rf7 33. a6 Bf8 34. Qd4 Qc7 35. Bb4 Rfh7 36. Bc5 Qc8 37. Qe4 Bd5 38. Qd4 f3 39. gxf3 Rxh3 40. Rg2 Qf5 41. Re4 Bxe4 42. Qxe4 Qxe4 43. fxe4 Bg7 44. e6 Kh7 45. Rxg5 Rh6 46. Nf3 Rxe6 47. Rh5+ Kg6 48. Rxh8 Bxh8 49. Bxa7 c5 50. Bxc5 Rxa6 51. Bxe7 Ra1+ 52. Kf2 Ra2 53. Ke3 Rxc2 54. Nd4 Bxd4+ 55. Kxd4 Kf7 56. Bc5 Ke6 57. b4 Rh2 58. Kc3 Rh3 59. Kd4 Rg3 60. Bf8 Rh3 61. Bg7 Rg3 62. Bh6 Rh3 63. Bf4 Rf3 64. Bc7 Rf7 65. Bb6 Rf3 66. Ba7 Rh3 67. Bb8 Rh8 68. Bc7 Rh7 69. Bb6 1/2-1/2